| 000 | 00615nam a2200229 a 4500 | ||
|---|---|---|---|
| 999 |
_c12266 _d12266 |
||
| 001 | 12266 | ||
| 003 | BD-JhCC | ||
| 005 | 20220829134022.0 | ||
| 008 | 210920b2011 pk |||| ||a| 000 0 eng d | ||
| 035 | _a(BD-JhCC)12266 | ||
| 040 |
_aBD-JhCC _dBD-JhCC |
||
| 041 | _aenglish | ||
| 082 |
_a297.3822 _bHUS 2011 |
||
| 100 | _aHussain, Dr. Feryad.A. | ||
| 245 |
_aTherapy from the Qur'an and Ahadith / _c Dr. Feryad.A. Hussain. |
||
| 260 |
_apakithan: _bDarussalam; _c2011. |
||
| 300 |
_a324 p. : _c22 cm. |
||
| 650 | _aIslam-psychology | ||
| 650 | _aSpritual healling-Islam | ||
| 942 |
_2ddc _cBK _01 |
||